000 00626nam a2200253Ia 4500
003 OSt
005 20221005132126.0
006 a|||||r|||| 00| 0
007 ta
008 221004b |||||||| |||| 00| 0 ben d
024 _a54333
037 _cTextual
040 _aCRL
_cCRL
_bben
041 _2ben
_aben
082 _aO157,3N04,1, 32K3
100 _aJarasandhan
_9631673
245 0 _aThamasi
260 _c1963
300 _a330p.
_ccm.
650 _a BENGALI LITERATURE
650 _aBENGALI FICTION
942 _hO157,3N04,1, 32K3
_cTEXL
_2cc
999 _c1062502
_d1062502